Social casework (Record no. 174741)
[ view plain ]
| 000 -LEADER | |
|---|---|
| fixed length control field | 00636nam a2200229Ia 4500 |
| 003 - CONTROL NUMBER IDENTIFIER | |
| control field | OSt |
| 005 - DATE AND TIME OF LATEST TRANSACTION | |
| control field | 20251013185635.0 |
| 008 - FIXED-LENGTH DATA ELEMENTS--GENERAL INFORMATION | |
| fixed length control field | 210423s2003 xx 000 0 und d |
| 020 ## - INTERNATIONAL STANDARD BOOK NUMBER | |
| International Standard Book Number | 8170337585 |
| 040 ## - CATALOGING SOURCE | |
| Transcribing agency | AL |
| 041 ## - LANGUAGE CODE | |
| Language code of text/sound track or separate title | English |
| 082 ## - DEWEY DECIMAL CLASSIFICATION NUMBER | |
| Classification number | 361.32 |
| Item number | UPAS |
| 100 ## - MAIN ENTRY--PERSONAL NAME | |
| Personal name | Upadhyay R K |
| 9 (RLIN) | 118663 |
| 245 ## - TITLE STATEMENT | |
| Title | Social casework |
| Remainder of title | : a therapeutic approach |
| 260 ## - PUBLICATION, DISTRIBUTION, ETC. | |
| Place of publication, distribution, etc. | London |
| Name of publisher, distributor, etc. | Rawat Publications |
| Date of publication, distribution, etc. | 2003 |
| 300 ## - PHYSICAL DESCRIPTION | |
| Extent | vii,260 |
| Other physical details | HB |
| 365 ## - TRADE PRICE | |
| Price amount | 550 |
| Currency code | INR |
| 650 ## - SUBJECT ADDED ENTRY--TOPICAL TERM | |
| Topical term or geographic name entry element | Social Problems & Services |
| 9 (RLIN) | 118664 |
| 650 ## - SUBJECT ADDED ENTRY--TOPICAL TERM | |
| Topical term or geographic name entry element | Social Work |
| 9 (RLIN) | 118665 |
| 906 ## - LOCAL DATA ELEMENT F, LDF (RLIN) | |
| a | approach ; casework: ; casework:a ; Social ; therapeutic |
| 942 ## - ADDED ENTRY ELEMENTS (KOHA) | |
| Source of classification or shelving scheme | Dewey Decimal Classification |
| Koha item type | Book |
| Withdrawn status | Lost status | Damaged status | Not for loan | Collection code | Home library | Current library | Date acquired | Source of acquisition | Cost, normal purchase price | Total Checkouts | Full call number | Barcode | Date last seen | Date last checked out | Price effective from | Koha item type | Total Renewals |
|---|---|---|---|---|---|---|---|---|---|---|---|---|---|---|---|---|---|
| MSW | St Aloysius PG Library | St Aloysius PG Library | 08/30/2003 | Book World | 550.00 | 9 | 361.32 UPAS | PG020417 | 11/23/2023 | 11/11/2023 | 04/26/2021 | Book | |||||
| MSW | St Aloysius PG Library | St Aloysius PG Library | 03/08/2007 | Book World | 550.00 | 5 | 361.32 UPAS | PG021428 | 10/27/2025 | 10/24/2025 | 04/26/2021 | Book | |||||
| MSW | St Aloysius PG Library | St Aloysius PG Library | 07/13/2011 | Book World | 675.00 | 7 | 361.32 UPAS | PG022553 | 08/12/2025 | 08/06/2025 | 04/26/2021 | Book | 1 | ||||
| MSW | St Aloysius PG Library | St Aloysius PG Library | 07/13/2011 | Book World | 675.00 | 8 | 361.32 UPAS | PG022554 | 10/27/2025 | 10/24/2025 | 04/26/2021 | Book | |||||
| MSW | St Aloysius PG Library | St Aloysius PG Library | 07/28/2012 | Kiran Book Centre | 675.00 | 12 | 361.32 UPAS | PG022788 | 09/09/2025 | 08/30/2025 | 04/26/2021 | Book | 1 |